LEADER 01056nam a2200289 i 4500 001 991000692999707536 005 20020503195118.0 008 970217s1990 it ||| | ita 020 $a882043895X 035 $ab10115122-39ule_inst 035 $aLE02520546$9ExL 040 $aFac. Economia$bita 082 0 $a302.2 082 0 $a659.1 100 1 $aPercy, Larry$0106587 245 10$aPubblicità e psicologia del consumatore /$cLarry Percy, Arch G. Woodside 260 $aMilano :$bF. Angeli,$cc1990 300 $a420 p. ;$c22 cm 490 0 $aImpresa, comunicazione, mercato [Angeli] ;$v4 650 4$aPubblicità 700 1 $aWoodside, Arch G.$eauthor$4http://id.loc.gov/vocabulary/relators/aut$0107304 907 $a.b10115122$b17-02-17$c27-06-02 912 $a991000692999707536 945 $aLE025 300 PER smarrito [2004]$g1$i2025000027381$lle025$o-$pE0.00$q-$rl$s- $t0$u0$v0$w0$x0$y.i10134724$z27-06-02 996 $aAdvertising and Consumer Psychology$917031 997 $aUNISALENTO 998 $ale025$b01-01-97$cm$da $e-$fita$git $h0$i1 LEADER 01563nam0 22003251i 450 001 UON00394679 005 20231205104629.430 010 $a88-15-00748-2 100 $a20110624d1985 |0itac50 ba 101 $aita 102 $aIT 105 $a|||| ||||| 200 1 $aNaufragio con spettatore$eparadigma di una metafora dell'esistenza$fHans Blumenberg - Bologna$eIl Mulino, 1985 210 $a136 p.$a22 cm. 312 $aTitolo originale$9UON00503393 316 $aDono Prof. Alberto Varvaro.$5IT-UONSI F. Varvaro0034 410 1$1001UON00066025$12001 $aIntersezioni$v15 517 0$3UON00503393$aSchiffbruch mit Zuschauer : Paradigma einer Daseinsmetapher 606 $aESISTENZA$3UONC049501$2FI 620 $aIT$dBologna$3UONL000085 676 $a111$cONTOLOGIA$v20 700 1$aBlumenberg$bHans$3UONV140157$0127053 712 $aIl Mulino$3UONV245824$4650 801 $aIT$bSOL$c20250620$gRICA 912 $aUON00394679 950 $aSIBA - SISTEMA BIBLIOTECARIO DI ATENEO$dSI F. Varvaro0034 $eSI 27175 7 Dono Prof. Alberto Varvaro. 950 $aSIBA - SISTEMA BIBLIOTECARIO DI ATENEO$dSI FS FS SMARRITO $eSI FP 4303 6 SMARRITO $sSmarrito 950 $aSIBA - SISTEMA BIBLIOTECARIO DI ATENEO$dSI TED 11 c BLU 04 $eSI LO 42909 5 04 $sBuono 996 $aNaufragio con spettatore$9140629 997 $aUNIOR